| 000 | 00590nam a22001577a 4500 | ||
|---|---|---|---|
| 003 | NUST | ||
| 082 | _a200 | ||
| 100 |
_aHashmi, Salsabeel Fatima _9109140 |
||
| 245 |
_aA Tri-Modal Approach for Real-Time Emotion Analysis and Engagement Detection During E-Learning Using Webcams and Microphones/ _cSalsabeel Fatima Hashmi, |
||
| 264 |
_aIslamabad : _bSEECS, NUST, _c2022. |
||
| 300 |
_a104 p. ; _c30 cm. |
||
| 650 |
_aMS-Information Technology _926924 |
||
| 700 |
_aSupervisor: Dr. Arham Muslim _9104694 |
||
| 856 | _uhttp://10.250.8.41:8080/xmlui/handle/123456789/32252 | ||
| 942 |
_2ddc _cSC |
||
| 999 |
_c593319 _d593319 |
||